000 00304nam a22001337a 4500
008 171201b xxu||||| |||| 00| 0 eng d
020 _a01950489-x
041 _aeng
080 _22ND
_a37
100 _a46
101 _aEDU
245 _a A RHETORIC FOR WRITING TEACHERS
_cLINDEMAN,E
942 _2udc
_cBK
999 _c38657
_d38657